|
|
|
|
| LEADER |
00000nam0a2200000 4500 |
| 001 |
38914 |
| 005 |
20231031010923.0 |
| 035 |
|
|
|a (RuTPU)RU\TPU\book\39745
|
| 090 |
|
|
|a 38914
|
| 100 |
|
|
|a 20020320d1981 m y0rusy50 ca
|
| 101 |
0 |
|
|a rus
|
| 102 |
|
|
|a RU
|
| 105 |
|
|
|a a j 001zy
|
| 200 |
1 |
|
|a Сетевые графики в планировании
|e учебное пособие для вузов
|f И. М. Разумов, Л. Д. Белова, М. И. Ипатов, А. В. Проскуряков
|
| 205 |
|
|
|a 3-е изд., перераб. и доп.
|
| 210 |
|
|
|a Москва
|c Высшая школа
|d 1981
|
| 215 |
|
|
|a 168 с.
|c ил.
|
| 320 |
|
|
|a Библиогр.: с. 128
|
| 610 |
1 |
|
|a машиностроение
|
| 610 |
1 |
|
|a планирование
|
| 610 |
1 |
|
|a сетевые графики
|
| 610 |
1 |
|
|a сетевые модели
|
| 610 |
1 |
|
|a учебные пособия
|
| 675 |
|
|
|a 621.002:658.51(075.8)
|v 3
|
| 701 |
|
1 |
|a Разумов
|b И. М.
|g Ипполит Михайлович
|
| 701 |
|
1 |
|a Белова
|b Л. Д.
|g Людмила Дмитриевна
|
| 701 |
|
1 |
|a Ипатов
|b М. И.
|g Михаил Иванович
|
| 701 |
|
1 |
|a Проскуряков
|b А. В.
|g Андрей Владимирович
|
| 801 |
|
1 |
|a RU
|b 63413507
|c 20020320
|g PSBO
|
| 801 |
|
2 |
|a RU
|b 63413507
|c 20190410
|g PSBO
|
| 942 |
|
|
|c BK
|